000 00911nam a2200205Ia 4500
003 OSt
005 20241007153044.0
007 ca aa aaaaa
008 201103s9999 xx 000 0 und d
040 _cSSBUL
041 _abur
082 _223
_a၄၉၁.၃၇၅ သုန်
_b၉၃၇၆ S-SAT
100 0 _aသုန္နရာဘိဝံသ၊ အရှင်
_917436
245 1 0 _aပါဠိဘာဏီ၏ပါဠိရေးပြောနည်း = Pali Grammer and Composition /
_cအရှင်သုန္နရာဘိဝံသ။
260 _aရန်ကုန် ၊
_bဇမ္ဗူ့မိတ်ဆွေပိဋကတ်ပုံနှိပ်တိုက်၊
_c၁၉၅၂။
300 _aင၊ ၃၆၄ စာ
_c၁၈ စင်တီ။
500 _aS-SAT: Dr. Sai Aung Tun
650 _aပါဠိဘာသာစကား
_xသဒ္ဒါ
942 _2ddc
_cBK1
999 _c16880
_d16880